Wird geladen...
Ignited minds : unleashing the power within India
| 1. Verfasser: | |
|---|---|
| Format: | Printed Book |
| Veröffentlicht: |
Haryana
Penguin
2014
|
| LEADER | 00485nam a22001457a 4500 | ||
|---|---|---|---|
| 999 | |c 169550 |d 169550 | ||
| 020 | |a 9780143424123 | ||
| 040 | |a ddc | ||
| 082 | |a 954 KAL/IG | ||
| 100 | |a A P J Abdul Kalam, | ||
| 245 | |a Ignited minds : unleashing the power within India | ||
| 260 | |a Haryana |b Penguin |c 2014 | ||
| 300 | |a 189p | ||
| 942 | |c BK |2 ddc | ||
| 952 | |0 0 |1 0 |4 0 |6 954_000000000000000_KAL_IG |7 0 |9 174625 |a KAUCOAP |b KAUCOAP |d 2017-05-23 |l 4 |o 954 KAL/IG |p KAU_COAP09823 |r 2019-05-30 |s 2019-05-13 |w 2017-05-23 |y BK | ||